| 000 | 00646cam a2200205 a 4500 | ||
|---|---|---|---|
| 001 | 17276201 | ||
| 005 | 20241118173538.0 | ||
| 008 | 120427s2013 njua b 001 0 eng | ||
| 020 | _a9780470533314 (cloth) | ||
| 050 | 0 | 0 |
_aQA276.4 _b.G58 2013 |
| 082 | 0 | 0 |
_a519.5 _223 |
| 100 | 1 | _aGivens, Geof H. | |
| 245 | 1 | 0 |
_aComputational statistics / _cGeof H. Givens and Jennifer A. Hoeting. |
| 250 | _a2nd ed. | ||
| 260 |
_aHoboken, N.J. : _bWiley, _cc2013. |
||
| 300 |
_axviii, 469 p. : _bill. ; _c25 cm. |
||
| 650 | 0 |
_aMathematical statistics _xData processing. |
|
| 700 | 1 |
_aHoeting, Jennifer A. _q(Jennifer Ann), _d1966- |
|
| 942 |
_2lcc _cBK _e2nd Ed. _n0 |
||
| 999 |
_c1304 _d1304 |
||